La metamorfosis o el asno de oro: las floridas, el demonio de Sócrates
Saved in:
| Hovedforfatter: | |
|---|---|
| Format: | Bog |
| Sprog: | spansk |
| Udgivet: |
Barcelona
Iberia
1946
|
| Udgivelse: | 1a. ed |
| Serier: | Obras Maestras
|
| Fag: | |
| Tags: |
Tilføj Tag
Ingen Tags, Vær først til at tagge denne postø!
|
MARC
| LEADER | 00000cam a2200000 a 4500 | ||
|---|---|---|---|
| 001 | UCD4735 | ||
| 003 | CL-VaPUC | ||
| 008 | 160717e19460000sp |||||||||||||||||spa|d | ||
| 082 | 0 | 4 | |a 873 |b APU |2 21 |
| 100 | 0 | |a Apuleyo, Lucio |e author |9 588464 | |
| 245 | 1 | 3 | |a La metamorfosis o el asno de oro: las floridas, el demonio de Sócrates |
| 250 | |a 1a. ed | ||
| 300 | |a 312 p | ||
| 942 | |c BK | ||
| 945 | |d 20160717 19:54:00 |a arojas | ||
| 260 | |a Barcelona |b Iberia |c 1946 | ||
| 650 | 7 | |a NOVELAS LATINAS |2 CL-VaPUC |9 265085 | |
| 650 | 0 | |a Literatura latinoamericana |9 309997 | |
| 583 | |a last modification |c 20160717 19:54:00 |k Rodrigo Vera | ||
| 490 | 0 | |a Obras Maestras | |
| 999 | |c 365587 |d 365585 | ||
| 952 | |0 0 |1 0 |3 erd |4 0 |6 873_000000000000000_APU_1946 |7 0 |8 A |9 479472 |a BIBEDU |b BIBEDU |e Familia Cárdenas Lailhacar |i 5316065 |o 873 APU 1946 |p 5316065 |r 2019-11-24 |w 2019-11-24 |y BK |z Catalogado en:20160717 |k FIL | ||